Sobre la libertad y la autenticidad (Record no. 62559)

MARC details
000 -LEADER
campo de control de longitud fija 00534nam a2200157 i 4500
001 - NÚMERO DE CONTROL
campo de control 62559
003 - IDENTIFICADOR DE NÚMERO DE CONTROL
campo de control ES-MaACL
005 - FECHA Y HORA DE LA ÚLTIMA TRANSACCIÓN
campo de control 20230906164705.0
007 - CAMPO FIJO DE DESCRIPCIÓN FÍSICA--INFORMACIÓN GENERAL
campo de control de longitud fija t|
008 - DATOS DE LONGITUD FIJA--INFORMACIÓN GENERAL
campo de control de longitud fija 031124s1961 sp ||||1| spa d
100 1# - ENTRADA PRINCIPAL--NOMBRE DE PERSONA
Nombre de persona Fernández Galar, Alberto.
9 (RLIN) 49796
245 10 - MENCIÓN DEL TÍTULO
Título Sobre la libertad y la autenticidad
Resto del título : conferencia pronunciada en Villagarcía de Arosa el 17 de marzo de 1961 /
Mención de responsabilidad, etc. Alberto Fernández Galar.
260 ## - PUBLICACIÓN, DISTRIBUCIÓN, ETC.
Lugar de publicación, distribución, etc. [Madrid :
Nombre del editor, distribuidor, etc. s.n.,
Fecha de publicación, distribución, etc. 1961] (
Fabricante Gráf. Osca)
300 ## - DESCRIPCIÓN FÍSICA
Extensión 9 p. ;
Dimensiones 24 cm.
852 ## - LOCALIZACIÓN
Ubicación ES-MaACL
Número de control de estantería 2027-F-7
Sublocalización o colección R.47677
Holdings
Estatus retirado Estado de pérdida Estado de daño No para préstamo Colección Biblioteca de origen Biblioteca actual Ubicación en estantería Fecha de adquisición Fuente de adquisición Total de préstamos Signatura topográfica completa Código de barras Visto por última vez Precio de reemplazo Tipo de ítem Koha
        Colección de folletos Biblioteca del Ateneo de Madrid Biblioteca del Ateneo de Madrid Depósito folletos 17/01/2008     2027-F-7 1065585 23/02/2023 23/02/2023 Folleto